LDR 00795naa#a2200205#i#450# 001 EN\\bibl\126648 005 20260703165359.5 011 ## _a2587-6740 100 ## _a20260615b2026####ek#y0engy0150####ca 102 ## _aRU 200 1# _aTechnological methods of cultivation of bare oats for the production of seeds of higher reproductions _eJournal article 210 1# _aMoscow _cElectronic science _d2026 215 ## _a4 с. 608 ## _aJournal article _2local 675 ## _aОвес. Avena sativa L.. 633.13 _aУлучшение растений. Прикладная генетика. Селекция и т. д.. 631.52 _z 700 #1 _aKrivosheev _gSergey Ivanovich 700 #1 _aLogvinova _gElena Vladimirovna 700 #1 _aYemelyanova _gAnna Andreevna 700 #1 _aShumakov _gVasily Aleksandrovich 856 4# _aqje.su _u